|
|
|
|
| LEADER |
00000nam a22000007a 4500 |
| 005 |
20191015000426.0 |
| 007 |
cr|||| |||| |
| 008 |
191015s2018 br |||||s|||| 00||0 por d |
| 020 |
|
|
|a 978-85-361-9907-8
|
| 035 |
|
|
|a 30317
|
| 040 |
|
|
|a vLex
|
| 090 |
|
|
|c 9811
|d 9811
|
| 100 |
1 |
|
|a Cabral de Vasconcellos, Luiz Philippe Westin
|
| 245 |
1 |
0 |
|a Temas de interesse pericial
|h [Recurso electrn̤ico] :
|b Coluna vertebral e fibromialgia /
|c Luiz Philippe Westin Cabral de Vasconcellos
|
| 256 |
|
|
|a Servicio en ln̕ea
|
| 260 |
|
|
|a San Pablo:
|b LTR,
|c 2018
|
| 300 |
|
|
|a 1 recurso electrn̤ico
|
| 500 |
|
|
|a Os artigos referentes aos dois importantes assuntos abordados nessa obra apresentaram aumento exponencial nos l︢timos anos devido a novas explicaė̳s e exames disponv̕eis, mas principalmente pela complexidade, divergn̊cias de tratamentos e de questionamentos periciais, alm̌ da difusô de informaė̳s tendenciosas na md̕ia leiga, contaminando a tranquilidade que deve nortear as concluse̳s periciais. Impe̳m-se relatos de pessoas experientes nos temas.
|
| 506 |
1 |
|
|a Disponible solo en los productos indicados
|d vLex Global
|d vLex Global (Academic Edition, excluding Law Schools)
|d vLex Global (U.S. Academic Edition, Law Schools)
|d vLex Global (U.S. Academic Edition, excluding Law Schools)
|d vLex Global (Academic Edition, Law Schools)
|
| 650 |
0 |
4 |
|a Derecho Laboral y Seguridad Social
|z Brasil
|
| 650 |
0 |
4 |
|a Medicina
|z Brasil
|
| 740 |
0 |
|
|a vLex Libros (Servicio en ln̕ea)
|
| 856 |
4 |
0 |
|u http://vlex.com/source/temas-de-interesse-pericial-coluna-vertebral-e-fibromialgia-30317
|z Acceso restringido
|
| 942 |
|
|
|c BOOK
|
| 999 |
0 |
|
|a Labor Law and Social Security
|
| 999 |
0 |
|
|a Medicine
|